| 000 | 00368nam a2200109Ia 4500 | ||
|---|---|---|---|
| 008 | 160909s9999 xx 000 0 und d | ||
| 100 | _aHolloway, Caitlin R. | ||
| 245 | _aPaleoethnobotany in interior Alaska | ||
| 260 |
_bUniversity of Alaska Fairbanks. _c2016 |
||
| 650 | _aHUMAN RESOURCE MANAGEMENT | ||
| 856 | _uhttp://pqdtopen.proquest.com/doc/1790117275.html?FMT=ABS | ||
| 999 |
_c304675 _d304675 |
||